Bibliographie des livres, theses et conferences relatifs a l'industrie du petrole.

Bibliographic Details
Main Author: Agout, Marthe
Format: Book
Language:French
Published: [Paris] : Standard francaise des petroles], 1949.
Subjects:

MARC

Tag First Indicator Second Indicator Subfields
LEADER 00000cam a2200000 4500
001 in00000049177
005 20151007065707.0
008 800528s1949 fr fh b 00000 fre c
010 |a a 52003683  
035 |a (OCoLC)06366202 
035 |9 AAE2496AM 
040 |a Yale Univ. Library  |c TXA  |d UtOrBLW 
049 |a TXAM  |c [473937] 
050 4 |a Z6972  |b .A36 
092 |a 553.28  |b A1A276b, 1949 
100 1 |a Agout, Marthe. 
245 1 0 |a Bibliographie des livres, theses et conferences relatifs a l'industrie du petrole. 
264 1 |a [Paris] :  |b Standard francaise des petroles],  |c 1949. 
300 |a 322 pages :  |b plates, facsimiles ;  |c 27 cm. 
336 |a text  |b txt  |2 rdacontent 
337 |a unmediated  |b n  |2 rdamedia 
338 |a volume  |b nc  |2 rdacarrier 
650 0 |a Petroleum  |v Bibliography. 
999 |a MARS 
999 f f |s d3085883-879c-3d8e-b698-00454124ad7f  |i 5187ccd5-ae26-3682-8cbd-4c665882d8cb  |t 0 
952 f f |p ric  |a Texas A&M University  |b Rellis Campus  |c Joint Library Facility  |d Remote Storage  |t 0  |e Z6972 .A36  |h Library of Congress classification  |i unmediated -- volume  |m A14800958250 
998 f f |a Z6972 .A36  |t 0  |l Remote Storage